000 00699nam a2200181 i 4500
001 32163
003 ES-MaACL
005 20230906154526.0
007 t|
008 030227s1893 sp ||||1| spa d
100 1 _aCastillo y Barco, Gregorio del.
_936776
245 1 0 _aMemoria que en la solemne apertura del curso de 1892 á 1893 leyó en el Instituto Provincial de Jerez de la Frontera /
_cGregorio del Castillo y Barco.
260 _aJerez :
_b[s.n.],
_c1893 (
_fImp. de El Guadalete)
300 _a46 p. ;
_c24 cm.
610 2 4 _aInstituto Provincial (Jerez de la Frontera)-
_vMemorias.
_9157180
710 2 _aInstituto Provincial (Jerez de la Frontera)
_9157179
852 _aES-MaACL
_jT-708-F-14
999 _c32163
_d32163